00556cam a22001572 4500001001100000005001700011008004100028020002600069040001500095100003300110245012300143260004400266300001700310650004200327700002900369000000937720151021151121.0081008s xx 000 0 eng d a1932805303 :cKES 650 aKABUcKABU1 aEngstrom, Ted W.@000016118514aThe Making of a mentor :b9 essential characteristics of influential christian leaders /cTed W. Engstrom, Ron Jenson. aFederal Way, WA :bWorld Vision,c2005. axvi, 217 p. 0aMentoring in church work.@00001611861 aJenson, Ron.@0000161187